Les 10 plus grandes villes de Turquie - Statistiques

Statistiques générales
  • Ce quiz a été pris 989 fois
  • Le résultat moyen est 6 sur 10
Statistiques - réponses
Hint Réponse % Correct
1 Istanbul
99%
2 Ankara
97%
3 Izmir
86%
9 Antalya
81%
8 Konya
63%
4 Bursa
53%
5 Adana
52%
6 Gaziantep
43%
7 Kayseri
42%
10 Mersin
31%
Aucun quiz correspondant
Distribution des résultats
% des personnes avec chaque résultat
Percentile par nombre de réponses
Votre historique - résultats
Vous n’avez pas pris ce quiz